|
|
|
|
| LEADER |
00000nam0a2200000 4500 |
| 001 |
376603 |
| 005 |
20231102012831.0 |
| 010 |
|
|
|a 5250004601
|
| 020 |
|
|
|a RU
|b 89-60017
|
| 035 |
|
|
|a (RuTPU)RU\TPU\retro\34043
|
| 035 |
|
|
|a RU\TPU\book\229528
|
| 090 |
|
|
|a 376603
|
| 100 |
|
|
|a 20221223d1989 m y0rusy5003 ca
|
| 101 |
0 |
|
|a rus
|
| 102 |
|
|
|a RU
|
| 105 |
|
|
|a y z 000zy
|
| 200 |
1 |
|
|a Обратного хода нет. Перестройка в народном хозяйстве: общие проблемы, практика, истоки
|e сборник статей
|f под ред. Г. Х. Попова
|
| 210 |
|
|
|a Москва
|c Политиздат
|d 1989
|
| 215 |
|
|
|a 542,[1] с.
|d 22 см
|
| 606 |
1 |
|
|a Перестройка экономики России
|2 stltpush
|3 (RuTPU)RU\TPU\subj\36599
|9 57922
|
| 610 |
1 |
|
|a перестройка
|
| 610 |
1 |
|
|a народное хозяйство
|
| 610 |
1 |
|
|a социально-экономическая жизнь
|
| 610 |
1 |
|
|a СССР
|
| 686 |
|
|
|a У9(2)0-961
|2 rubbk
|
| 702 |
|
1 |
|a Попов
|b Г. Х.
|g Гавриил Харитонович
|4 340
|
| 801 |
|
0 |
|a RU
|b RuMRKP
|c 19950417
|g psbo
|
| 801 |
|
1 |
|a RU
|b 63413507
|c 20120220
|
| 801 |
|
2 |
|a RU
|b 63413507
|c 20221223
|g RCR
|
| 942 |
|
|
|c BK
|